Introducción al counselling (relación de ayuda)
Kaydedildi:
| Yazar: | |
|---|---|
| Materyal Türü: | Bilinmiyor |
| Dil: | İngilizce |
| Baskı/Yayın Bilgisi: |
Maliaño (Cantabria), España:
Sal Terrae,
2011
|
| Seri Bilgileri: | Cuadernos del Centro de Humanización de la Salud. Religiosos Camilos ;
|
| Konular: | |
| Etiketler: |
Etiketle
Etiket eklenmemiş, İlk siz ekleyin!
|
MARC
| LEADER | 00000 a2200000 4500 | ||
|---|---|---|---|
| 003 | CL-VaPUC | ||
| 005 | 20240527113058.0 | ||
| 008 | 240523t2011 ||||| |||| 00| 0 eng d | ||
| 999 | |c 443696 |d 443694 | ||
| 020 | |a 9788429318968 | ||
| 040 | |c Pontificia Universidad Católica de Valparaíso | ||
| 082 | 0 | 4 | |2 22 |a 158.1 BER 2011 |
| 100 | 1 | |a Bermejo, José Carlos |e autor |9 877940 | |
| 245 | 1 | 0 | |a Introducción al counselling (relación de ayuda) |
| 260 | |a Maliaño (Cantabria), España: |b Sal Terrae, |c 2011 | ||
| 300 | |a 184 páginas | ||
| 490 | 0 | |a Cuadernos del Centro de Humanización de la Salud. Religiosos Camilos ; |n 20 | |
| 583 | |k Cristina María Rojas Aguilar |c 20240523 | ||
| 650 | 1 | |a Counselling |x Orientación psicológica |x Relación de ayuda |x Resolución de problemas |9 889045 | |
| 650 | 1 | |a Psicoterapia |x Relación de ayuda |9 889046 | |
| 650 | 1 | |a Autocuidado |x Salud mental |9 889047 | |
| 650 | 1 | |a Autoestima |x Empoderamiento |9 889048 | |
| 942 | |2 ddc |c BK | ||
| 952 | |0 0 |1 0 |2 ddc |4 0 |6 158_100000000000000_BER_2011 |7 0 |8 A |9 594803 |a BIBTEO |b BIBTEO |d 2024-05-20 |e 8 |g 9520.00 |i 5661407 |l 1 |o 158.1 BER 2011 |p 5661407 |r 2025-01-17 |s 2024-07-05 |t 1 |v 9520.00 |w 2024-05-20 |y BK |k ICR | ||